| 000 | 00603nam a2200205 i 4500 | ||
|---|---|---|---|
| 001 | 57055 | ||
| 003 | ES-MaACL | ||
| 005 | 20250815072520.0 | ||
| 007 | t| | ||
| 008 | 031014s1963 sp ||||1| spa d | ||
| 100 | 1 |
_aDíez del Corral, Luis. _944718 |
|
| 245 | 1 | 0 |
_aDel Nuevo al Viejo Mundo / _cLuis Díez del Corral. |
| 260 |
_aMadrid : _bRevista de Occidente, _c1963. |
||
| 300 |
_aXVI, 587 p. ; _c23 cm. |
||
| 651 | 4 |
_aAmérica- _xDescripción- _yS.XX _9241789 |
|
| 651 | 4 |
_aAsia- _xDescripción- _yS.XX _9241788 |
|
| 852 |
_aES-MaACL _jC-24470 |
||
| 942 | _2udc | ||
| 999 |
_c57055 _d57055 |
||